[Event "Asia-ch Amateur"]
[Site "Muscat"]
[Date "2022.10.01"]
[Round "3"]
[White "Salim Issa, Ali Shamas"]
[Black "Osama, Abuhmeidan"]
[Result "1/2-1/2"]
[WhiteElo "1886"]
[BlackElo "1416"]
[PlyCount "85"]
[EventDate "2022.09.29"]
[EventType "swiss"]
[EventRounds "9"]
[EventCountry "OMN"]
[SourceTitle "CBM 210 Extra"]
[Source "ChessBase"]
[SourceDate "2022.11.30"]
[SourceVersion "1"]
[SourceVersionDate "2022.11.30"]
[SourceQuality "1"]

1. d4 d5 2. c4 dxc4 3. Nc3 Nf6 4. e4 c6 5. e5 Nd5 6. Bxc4 Bf5 7. Qb3 e6 8. Bxd5 cxd5 9. Qxb7 Nd7 10. Nge2 Be7 11. 0-0 0-0 12. Qa6 Nb6 13. Ng3 Bg6 14. f4 f5 15. b3 Bb4 16. Bb2 Bxc3 17. Bxc3 Qe7 18. Qa5 Rfc8 19. Bb4 Qh4 20. Bc5 Qg4 21. Bxb6 axb6 22. Qxb6 Bf7 23. Rf3 h5 24. h3 Qg6 25. Nf1 Rc2 26. Rg3 Qh6 27. Rg5 g6 28. Ng3 Kh7 29. Qb7 Qf8 30. Qb5 Raxa2 31. Rxa2 Rxa2 32. Kh2 h4 33. Ne2 Qc8 34. Ng1 Qc1 35. Qd7 Qxf4+ 36. Kh1 Kg7 37. Qe7 Ra1 38. Rxg6+ Kxg6 39. Qf6+ Kh7 40. Qxf7+ Kh8 41. Qf8+ Kh7 42. Qf7+ Kh8 43. Qf8+ 1/2-1/2